000
00319nam a22001337a 4500
020
_a
978-93-5084-098-6
041
_a
ENG
100
_a
Rajan .T
245
_a
Statistcal Methods Of Prganizational Research
260
_a
New Delhi
_b
Centrum Press
_c
2014
300
_a
320
650
_a
GAE
856
_u
Not to be Issued
999
_c
2533
_d
2533